Evénements du 18 janvier - Statistiques

Statistiques générales
  • Ce quiz a été pris 40 fois
  • Le résultat moyen est 6 sur 15
Statistiques - réponses
Hint Réponse % Correct
Décès de Jean-Pierre Bacri 2021
84%
Naissance de Kevin Costner 1955
77%
Naissance de l'acteur Cary Grant 1904
61%
Naissance de Charles de Secondat dit Montesquieu 1689
52%
Reconnaissance du génocide arménien par la France 2001
48%
Fondation de la ville de Lima 1535
42%
Guillaume 1er devient empereur héréditaire d'Allemagne 1871
39%
Décès du photographe Cecil Beaton 1980
39%
James Cook découvre Hawaï 1778
35%
Naissance du futur ministre Louvois 1641
29%
Début de la fronde des Princes 1650
23%
Naissance de l'écrivain Paul Léautaud 1872
23%
Inauguration du Théâtre du Bolchoï 1825
19%
Naissance du compositeur Emmanuel Chabrier 1841
19%
Reconnaissance par l'Eglise des apparitions de Lourdes 1862
13%
Aucun quiz correspondant
Distribution des résultats
% des personnes avec chaque résultat
Percentile par nombre de réponses
Votre historique - résultats
Vous n’avez pas pris ce quiz